| 000 | 00750cad a22002415a 4500 | ||
|---|---|---|---|
| 001 | L159759 | ||
| 008 | 150226s2016 xxk f 000 0 eng d | ||
| 035 | _a(Sirsi) u159759 | ||
| 041 | 0 | _aeng | |
| 100 | 1 | _aCreasey, S. | |
| 245 | 0 | 0 | _aLessons of the past |
| 260 | _c2016 | ||
| 490 |
_aModus _vJune 2016, 20-23 (4) |
||
| 520 | _aLooks at the methods used to construct historic buildings and how to learn from those to fit them for the future. | ||
| 590 | _aKA | ||
| 650 | 2 | 4 | _aHISTORIC BUILDINGS |
| 650 | 2 | 4 | _aRETROFITTING |
| 650 | 2 | 4 | _aBUILT ENVIRONMENT-BUILDING MAINTENANCE AND REFURBISHMENT-BUILDING CONSERVATION |
| 651 | 4 |
_aUnited Kingdom _y |
|
| 690 | 4 |
_aSustainability _96271 |
|
| 690 | _aConservation and restoration | ||
| 942 | _n0 | ||
| 999 |
_c84964 _d84964 |
||